000 00229nam a22000857a 4500
008 160629b xxu||||| |||| 00| 0 eng d
100 _91320
_a Kashyap, S.C
245 _aOur Constitution
260 _aNew Delhi
_bNational Book Trust
_c1993
999 _c1081
_d1081